The law of services and dismissals (Record no. 364131)

000 -LEADER
fixed length control field 00468cam a22001457a 4500
008 - FIXED-LENGTH DATA ELEMENTS--GENERAL INFORMATION
fixed length control field 180718b1966 xxu||||| |||| 00| 0 eng d
082 ## - DEWEY DECIMAL CLASSIFICATION NUMBER
Classification number K1203x54 D65
100 ## - MAIN ENTRY--PERSONAL NAME
Personal name Doabia, H.S.
245 ## - TITLE STATEMENT
Title The law of services and dismissals
Statement of responsibility, etc. by H.S. Doabia and T.S. Doabia
260 ## - PUBLICATION, DISTRIBUTION, ETC.
Place of publication, distribution, etc. Agra
Name of publisher, distributor, etc. Wadhwa
Date of publication, distribution, etc. 1966
300 ## - PHYSICAL DESCRIPTION
Extent 465p.
650 ## - SUBJECT ADDED ENTRY--TOPICAL TERM
Topical term or geographic name entry element Personnel - Dismissal - India - Rules and Regulations
650 ## - SUBJECT ADDED ENTRY--TOPICAL TERM
Topical term or geographic name entry element Civil Service - India - Rules and Regulations
700 ## - ADDED ENTRY--PERSONAL NAME
Personal name Doabia, T.S.
Holdings
Withdrawn status Lost status Damaged status Not for loan Permanent Location Current Location Date acquired Full call number Barcode Date last seen Price effective from Koha item type
        Indian Institute of Public Administration Indian Institute of Public Administration 2009-01-12 K103x54 D65 DA3040 2018-07-21 2018-07-21 DA
        Indian Institute of Public Administration Indian Institute of Public Administration 1994-04-06 K1203x54 D65 38569 2018-07-21 2018-07-21 Book

Powered by Koha